| 000 -LEADER |
| fixed length control field |
00494nam a2200169Ia 4500 |
| 008 - FIXED-LENGTH DATA ELEMENTS--GENERAL INFORMATION |
| fixed length control field |
200103s ||||xx |||||||||||||| ||und|| |
| 082 ## - DEWEY DECIMAL CLASSIFICATION NUMBER |
| Classification number |
623.89 |
| Item number |
DUB |
| 100 ## - MAIN ENTRY--PERSONAL NAME |
| Personal name |
Dubey, Binoy Kumar |
| 245 #0 - TITLE STATEMENT |
| Title |
Ice navigation: managing cold climate risks |
| 260 ## - PUBLICATION, DISTRIBUTION, ETC. (IMPRINT) |
| Name of publisher, distributor, etc |
Ananya Publications |
| Place of publication, distribution, etc |
Mumbai |
| Date of publication, distribution, etc |
? |
| 300 ## - PHYSICAL DESCRIPTION |
| Extent |
91 p. col. ill. |
| Other physical details |
Includes annexure |
| 504 ## - BIBLIOGRAPHY, ETC. NOTE |
| Bibliography, etc |
Includes annexure |
| 650 ## - SUBJECT ADDED ENTRY--TOPICAL TERM |
| Topical term or geographic name as entry element |
Ice physics & ice formation |
| 650 ## - SUBJECT ADDED ENTRY--TOPICAL TERM |
| Topical term or geographic name as entry element |
Ice seamanship |
| 650 ## - SUBJECT ADDED ENTRY--TOPICAL TERM |
| Topical term or geographic name as entry element |
Crew protection |
| 942 ## - ADDED ENTRY ELEMENTS (KOHA) |
| Item type |
Reference book |